000
00337nam a2200145Ia 4500
100
_a
Kai/ Hwang/ Briggs/Faye A
942
_c
BK
654
_a
Computer
245
_a
A Complete Architecture & Paralle Pro
260
_b
Mc Graw Hill
_a
New Delhi
_c
1984
082
_a
4.22
_b
HWA/AGA
300
_a
846
546
_a
ENGLISH
999
_c
24269
_d
24269